| 000 | 00000nam##2200000za#4500 |
| 001 | 9.599675 |
| 003 | CaOODSP |
| 005 | 20240501092931 |
| 007 | cr ||||||||||| |
| 008 | 150406|2004||||xxc|||||o f|0| 0 fre|d |
| 040 | |aCaOODSP|bfre |
| 043 | |an-cn--- |
| 086 | 1 |aPS83-3/146F-PDF |
| 110 | 2 |aService correctionnel Canada. |
| 245 | 13|aLa recrue en milieu carcéral : |h[ressource électronique]|bintroduction à la recherche / |c[par] Philippe Bensimon. |
| 260 | |bService correctionnel Canada |cjanvier 2004. |
| 300 | |a93p.|bréférences |
| 490 | 1 |aRapport de recherche|vR-146 |
| 590 | |a10-14-Supp|b2010-12-03 |
| 720 | 1 |aBensimon, Philippe |
| 775 | 08|tCorrectional officer recruits and the prison environment : |w(CaOODSP)9.568387 |
| 830 | #0|aRapport de recherche (Service correctionnel Canada. Direction de la recherche)|vR-146|w(CaOODSP)9.502465 |
| 856 | 40|ahttp://publications.gc.ca|qPDF|s681 Ko|uhttps://publications.gc.ca/collections/collection_2010/scc-csc/PS83-3-146-fra.pdf|yR-146 |